The planning and development of Brazilian agriculture : some quantitative extensions /

Bibliographic Details
Main Author: Anderson, Marvin S.
Format: Thesis Book
Language:English
Published: [Ithaca, N.Y.] : [Latin American Studies Program, Cornell University], 1972.
Series:Dissertation series (Cornell University. Latin American Studies Program) ; no. 42.
Subjects:

MARC

Tag First Indicator Second Indicator Subfields
LEADER 00000cam a2200000 a 4500
001 in00000514549
005 20151013094714.0
008 740121s1972 nyua b 00010 eng d
035 |a (OCoLC)00779650 
035 |9 ACG2612AM 
040 |c PAU  |d TXA  |d UtOrBLW 
049 |a TXAM  |c [1677097] 
090 |a HD1872  |b .A53 1972 
100 1 |a Anderson, Marvin S. 
245 1 4 |a The planning and development of Brazilian agriculture :  |b some quantitative extensions /  |c by Marvin Sydney Anderson. 
264 1 |a [Ithaca, N.Y.] :  |b [Latin American Studies Program, Cornell University],  |c 1972. 
300 |a xii, 380 pages :  |b illustrations ;  |c 28 cm. 
336 |a text  |b txt  |2 rdacontent 
337 |a unmediated  |b n  |2 rdamedia 
338 |a volume  |b nc  |2 rdacarrier 
490 1 |a Dissertation series / Latin American Studies Program, Cornell University ;  |v no. 42 
500 |a Vita. 
502 |b Ph. D.  |c Cornell University  |d 1972. 
504 |a Bibliography: pages 360-380. 
650 0 |a Agriculture  |x Economic aspects  |z Brazil. 
830 0 |a Dissertation series (Cornell University. Latin American Studies Program) ;  |v no. 42. 
999 |a MARS 
999 f f |s 1d43af54-f220-38b2-9b83-258f690f8f1b  |i 160ebfbb-2e50-38e9-a563-888d4d71d2d7  |t 0 
952 f f |p ric  |a Texas A&M University  |b Rellis Campus  |c Joint Library Facility  |d Remote Storage  |t 0  |e HD1872 .A53 1972  |h Library of Congress classification  |i unmediated -- volume  |m A14808115953 
998 f f |a HD1872 .A53 1972  |t 0  |l Remote Storage